Intergrated pest management protection integree

Gespeichert in:
Bibliographische Detailangaben
1. Verfasser: V Delucchi
Format: Buch
Sprache:Undetermined
Veröffentlicht: Switzerland Parasitis 86 1987
Schlagworte:
Tags: Tag hinzufügen
Keine Tags, Fügen Sie den ersten Tag hinzu!
Thư viện lưu trữ: Trung tâm Học liệu Trường Đại học Cần Thơ
LEADER 00509nam a2200181Ia 4500
001 CTU_38560
008 210402s9999 xx 000 0 und d
082 |a 632.9 
082 |b D366 
100 |a V Delucchi 
245 0 |a Intergrated pest management protection integree 
245 0 |c V Delucchi 
260 |a Switzerland 
260 |b Parasitis 86 
260 |c 1987 
650 |a insects and pests - biological control 
904 |i Liên, 990423 
980 |a Trung tâm Học liệu Trường Đại học Cần Thơ